Análisis del nivel de propagación del efecto de "voltage sag" en redes de distribución eléctrica, debido a una falla monofásica en baja tensión
Guardat en:
| Autor principal: | |
|---|---|
| Altres autors: | |
| Format: | Llibre |
| Idioma: | Spanish |
| Publicat: |
[San José , Costa Rica]
2016
|
| Matèries: | |
| Etiquetes: |
Afegir etiqueta
Sense etiquetes, Sigues el primer a etiquetar aquest registre!
|
MARC
| LEADER | 00000nam a22000007a 4500 | ||
|---|---|---|---|
| 003 | 012694 | ||
| 005 | 20231129104055.0 | ||
| 008 | 171004b2016 cr a|||| |m|| 00| ||spa d | ||
| 040 | |c cru CEDI | ||
| 090 | |a TFG 7845 | ||
| 100 | |a Mata Garbanzo, Danny J., 1988 |9 1916 | ||
| 245 | |a Análisis del nivel de propagación del efecto de "voltage sag" en redes de distribución eléctrica, debido a una falla monofásica en baja tensión | ||
| 260 | |a [San José , Costa Rica] |c 2016 | ||
| 300 | |a i, 52 hojas; ilustraciones | ||
| 500 | |a Tesis de graduación (licenciatura en ingeniería eléctrica)--Universidad de Costa Rica. Facultad de Ingeniería. Escuela de Ingeniería Eléctrica | ||
| 501 | |a Director de Tesis de Graduación: M.Sc. Luis Alejandro Golcher Barguil | ||
| 650 | |x LINEAS ELECTRICAS |x SIMULACION POR COMPUTADORAS DIGITALES |x SISTEMAS DE ENERGIA ELECTRICA |x ENERGIA ELECTRICA |x REDES ELECTRICAS |x DISTRIBUCION DE ENERGIA ELECTRICA |9 10039 | ||
| 700 | |a Golcher Barguil, Luis Alejandro, 1968- |d Director del TFG |9 781 | ||
| 942 | |c TFG |h TFG 7845 |i 012694 |6 TFG_7845_012694000000000 | ||
| 999 | |c 19073 |d 19073 | ||
